Mujeres Au pair en Argentina y Noruega: ¿intercambio cultural o estrategia migratoria?/
Au pair es un termino francés que significa “en igualdad de condiciones”, es una forma de intercambio cultural específica, que se caracteriza por ser el recibimiento temporal por una familia, a cambio de determinados servicios, de jóvenes de países extranjeros que desean mejorar sus conocimientos li...
Uloženo v:
| Hlavní autor: | |
|---|---|
| Médium: | Kniha |
| Jazyk: | Spanish |
| Témata: | |
| Tagy: |
Přidat tag
Žádné tagy, Buďte první, kdo vytvoří štítek k tomuto záznamu!
|
MARC
| LEADER | 00000nam a22000007a 4500 | ||
|---|---|---|---|
| 003 | cru CIDCACS/IIS | ||
| 005 | 20220420104532.0 | ||
| 008 | 180117s2016 ag |||p|r||||||0| ||spa|d | ||
| 040 | |c cru CIDCACS/IIS | ||
| 100 | 1 | |9 6407 |a Correa, Lucía | |
| 245 | 1 | |a Mujeres Au pair en Argentina y Noruega: |b ¿intercambio cultural o estrategia migratoria?/ |c Lucía Correa | |
| 300 | |a páginas 209-229: |b tablas | ||
| 520 | |a Au pair es un termino francés que significa “en igualdad de condiciones”, es una forma de intercambio cultural específica, que se caracteriza por ser el recibimiento temporal por una familia, a cambio de determinados servicios, de jóvenes de países extranjeros que desean mejorar sus conocimientos lingüísticos y tal vez profesionales, así como su cultura general, adquiriendo un mejor conocimiento del país en el que son acogidos. En la última década, la flexibilización y las transformaciones económicas mundiales influyeron para que, paulatinamente, el sistema se fuera configurando como una forma de trabajo doméstico, con condiciones de vida similares a una empleada doméstica migrante. Este trabajo se propone plantear las singularidades del sistema au pair en relación a las formas más típicas de migración de mujeres, el rol del estado, las agencias y características de las au pair. Entre las conclusiones se encuentra que este sistema representa una caso singular dentro del espectro de la migración de mujeres, ya que implica recurrir a una mecanismos institucionalizados y forma, establecido manifiestamente para el intercambio socio – cultural, para utilizarlo como “puente” y “escudo” que facilite el inicio migratorio en condiciones protegidas en cuanto documentación, empleo y vivienda. KDV/230317 | ||
| 650 | 1 | 0 | |9 299 |a MIGRACION |
| 650 | 1 | 0 | |9 88 |a MUJERES |
| 650 | 1 | 0 | |9 243 |a ESTADO |
| 650 | 0 | |9 6848 |a INTERCAMBIO DE ESTUDIANTES | |
| 650 | 1 | 0 | |9 486 |a ACCESO A LA CULTURA |
| 650 | 1 | 0 | |a TRABAJO DOMESTICO |9 1438 |
| 773 | 0 | |0 40462 |9 1731 |a Universidad Nacional de Rosario. |d Rosario, Argentina: La Universidad, |o 18459 |t Revista de la Escuela de Antropología |x 18521576 | |
| 942 | |2 ddc |c PP | ||
| 999 | |c 40835 |d 40835 | ||
